VeggieTales Episodes - Statistics

General Stats
  • This quiz has been taken 209 times
  • The average score is 18 of 43
Answer Stats
Year Episode % Correct
2002 Jonah: A VeggieTales Movie
73%
1993 Where's God When I'm Scared?
72%
1995 Rack, Shack and Benny
65%
1998 Madame Blueberry
64%
2000 Esther... The Girl Who Became Queen
61%
1997 Josh and the Big Wall!
61%
2000 King George and the Ducky
61%
1996 Dave and the Giant Pickle
60%
2008 The Pirates Who Don't Do Anything: A VeggieTales Movie
59%
1999 Larry-Boy and the Rumor Weed
58%
1996 The Toy That Saved Christmas
53%
1994 God Wants Me to Forgive Them!?!
51%
1997 Larry-Boy! And the Fib from Outer Space!
51%
1995 Are You My Neighbor?
45%
2005 Lord of the Beans
45%
2001 Lyle the Kindly Viking
45%
2003 The Ballad of Little Joe
45%
2005 Minnesota Cuke and the Search for Samson's Hairbrush
43%
2002 The Star of Christmas
43%
2006 Larry-Boy and the Bad Apple
42%
2004 An Easter Carol
41%
2004 Duke and the Great Pie War
41%
2010 Sweetpea Beauty: A Girl After God's Own Heart
38%
2004 A Snoodle's Tale
36%
2009 Minnesota Cuke and the Search for Noah's Umbrella
36%
2007 Moe and the Big Exit
36%
2004 Sumo of the Opera
36%
2006 Gideon: Tuba Warrior
35%
2011 Princess and the Popstar
32%
2010 It's a Meaningful Life
29%
2010 Pistachio
28%
2007 The Wonderful Wizard of Ha's
27%
2009 Abe and the Amazing Promise
26%
2009 Saint Nicholas: A Story of Joyful Giving
26%
2006 Sheerluck Holmes and the Golden Ruler
26%
2008 Tomato Sawyer and Huckleberry Larry's Big River Rescue
25%
2012 Robin Good And His Not-So-Merry Men
24%
2011 The Little Drummer Boy
23%
2012 The League of Incredible Vegetables
22%
2012 The Penniless Princess
22%
2011 Twas the Night Before Easter
21%
2013 MacLarry and the Stinky Cheese Battle
19%
2013 The Little House That Stood
18%
No matching quizzes found
Score Distribution
Percent of People with Each Score
Percentile by Number Answered
Your Score History
You have not taken this quiz